000
00316 a2200133 4500
001
154561
040
_c
Escola São Tomás de Aquino
100
_a
MEDEIROS, Celme Farias
240
1
0
_a
As letrinhas fazem a festa
_l
por
245
1
0
_a
As letrinhas fazem a festa
300
_a
111
697
_a
RELIGIÃO
942
_c
BK
999
_c
154561
_d
154561